000 00377 a2200169 4500
001 183414
020 _a85-322-2599-3
040 _cMagnum
100 _aReyes, Yolanda
240 1 0 _aTerça-feira: 5ª aula
_lpor
245 1 0 _aTerça-feira: 5ª aula
300 _a29
362 0 _a1997
440 1 _aFTD
697 _aLITERATURA INFANTO-JUVENIL ESTRANGEIRA
942 _cBK
999 _c183414
_d183414